All Joy Division Songs - Statistics

General Stats
  • This quiz has been taken 33 times
  • The average score is 38 of 45
Answer Stats
Answer % Correct
Candidate
100%
Ceremony
100%
Colony
100%
Day of the Lords
100%
Decades
100%
Glass
100%
Ice Age
100%
Insight
100%
Interzone
100%
I Remember Nothing
100%
Isolation
100%
Komakino
100%
Love Will Tear Us Apart
100%
New Dawn Fades
100%
Passover
100%
Shadowplay
100%
She's Lost Control
100%
The Eternal
100%
Transmission
100%
Twenty Four Hours
100%
Warsaw
100%
Wilderness
100%
Atmosphere
83%
Atrocity Exhibition
83%
Dead Souls
83%
Digital
83%
Disorder
83%
Failures
83%
Heart and Soul
83%
Incubation
83%
Leaders of Men
83%
No Love Lost
83%
These Days
83%
The Sound of Music
83%
A Means to an End
67%
Autosuggestion
67%
Exercise One
67%
Novelty
67%
As You Said
50%
From Safety to Where...?
50%
Sister Ray
50%
Something Must Break
50%
The Kill
50%
The Only Mistake
50%
Walked in Line
33%
No matching quizzes found
Score Distribution
Percent of People with Each Score
Percentile by Number Answered
Your Score History
You have not taken this quiz